|
|
|
|
| LEADER |
00775cam a2200229 7i4500 |
| 001 |
0000035256 |
| 005 |
20200610090000.0 |
| 020 |
|
|
|a 9781605472522 (pbk.)
|
| 020 |
|
|
|a 1605472522 (pbk.)
|
| 090 |
0 |
0 |
|a RC630
|b .F45 2010
|
| 245 |
0 |
0 |
|a Fluids & electrolytes :
|b an incredibly easy! pocket guide.
|
| 250 |
|
|
|a 2nd ed.
|
| 260 |
|
|
|a Philadelphia:
|b Wolters Kluwer Health/Lippincott Williams & Wilkins,
|c 2010.
|
| 300 |
|
|
|a vi, 246 p.:
|b ill.;
|c 19 cm.
|
| 490 |
0 |
|
|a Incredibly easy pocket guides
|
| 650 |
0 |
0 |
|a Water-electrolyte imbalance
|
| 650 |
0 |
0 |
|a Body fluid disorders
|
| 650 |
0 |
0 |
|a Acid-base imbalances
|
| 650 |
0 |
0 |
|a Water-Electrolyte Imbalance
|
| 997 |
|
|
|a Health Sciences, Faculty
|
| 998 |
|
|
|a Nursing, Diploma
|
| 999 |
|
|
|a 0000048516
|b BOK
|c OPEN SHELF
|e 1st Floor, Shah Alam
|